000 00494nam a2200181Ia 4500
999 _c29237
_d29237
003 OSt
005 20201214130625.0
008 190216s9999||||xx |||||||||||||| ||und||
020 _a9788124014899
040 _coclc
082 _a894.8121
_bSEB/P
100 _aSebastian
_97462
245 0 _aPattukettiya Kotta /
_cSebastian
260 _bCurrent Books,
_aKottayam:
_c2005.
300 _a56p
650 _aKavitha
942 _cBK
_2ddc
_h894.8121
_iSEB/P
_k894.8121
_mSEB/P